00513nam a22001457a 450000500170000000800410001702000180005804000150007610000210009124500940011226000410020630000180024749000210026558600810028620240926155156.0240925b ||||| |||| 00| 0 eng d a9788419474582 aCDMRdCDMR1 aAlsius, Salvador aVeni, vidi, vixi b: [Memòries d'infància i joventut (1948-1983)] / cSalvador Alsius aBarcelona : bViena Edicions, c2024 a313 pàgines aMemòria v; 25 aObra guanyadora del Premi Romà Planas i Miró de Memorials Populars 2023